Integrovaný model riadenia
Stratégia rozvoja a prosperity Stredoslovenských energetických závodov, š.p. Žilina. Makroekonomické faktory ovplyvňujúce výkonnosť podniku. Program reštrukturalizácie v podniku zameraný na optimalizáciu podnikových zdrojov. Stratégia riadenia rozvoja podniku. Programové ciele v reštrukturalizácii p...
Gespeichert in:
| 1. Verfasser: | |
|---|---|
| Format: | Buchkapitel |
| Sprache: | Slowakisch |
| Schlagworte: | |
| Tags: |
Keine Tags, Fügen Sie das erste Tag hinzu!
|
MARC
| LEADER | 00000naa a2200000 4500 | ||
|---|---|---|---|
| 001 | r028171 | ||
| 005 | 20230824093336.9 | ||
| 041 | 0 | |a slo | |
| 044 | |a SK | ||
| 245 | 1 | 0 | |a Integrovaný model riadenia |c V. Mošat |
| 520 | |a Stratégia rozvoja a prosperity Stredoslovenských energetických závodov, š.p. Žilina. Makroekonomické faktory ovplyvňujúce výkonnosť podniku. Program reštrukturalizácie v podniku zameraný na optimalizáciu podnikových zdrojov. Stratégia riadenia rozvoja podniku. Programové ciele v reštrukturalizácii podniku. | ||
| 610 | 2 | 0 | |a Stredoslovenské energetické závody, š.p. Žilina |
| 610 | 2 | 0 | |a riadenie projektové |
| 610 | 2 | 0 | |a reštrukturalizácia |
| 610 | 2 | 0 | |a podnik priemyselný |
| 610 | 2 | 0 | |a energetika |
| 610 | 2 | 0 | |a výkonnosť |
| 610 | 2 | 0 | |a výkony podnikové |
| 100 | 1 | |a Mošat, V. | |